[Event "Belgrade Trophy 36th"]
[Site "Belgrade"]
[Date "2023.11.28"]
[Round "4"]
[White "Djokic, Mihailo"]
[Black "Petrovic, Borislav I"]
[Result "1/2-1/2"]
[WhiteElo "2170"]
[BlackElo "1925"]
[PlyCount "37"]
[EventDate "2023.11.25"]
[EventType "swiss"]
[EventRounds "9"]
[EventCountry "SRB"]
[SourceTitle "CB49_2023"]
[SourceDate "2023.12.06"]
[SourceVersion "1"]
[SourceVersionDate "2023.12.06"]
[SourceQuality "1"]

1. e4 e5 2. Nf3 Nc6 3. Nc3 Nf6 4. Bb5 Bb4 5. 0-0 0-0 6. d3 Bxc3 7. bxc3 d6 8. Re1 Qe7 9. Bg5 h6 10. Bh4 Nd8 11. d4 Bg4 12. h3 Bxf3 13. Qxf3 Ne6 14. Rad1 Nf4 15. dxe5 dxe5 16. Rd7 Qc5 17. Bxf6 Qxb5 18. Qg4 Ng6 19. Qxg6 1/2-1/2

[Event "Paracin Summer op-B 12th"]
[Site "Paracin"]
[Date "2019.07.10"]
[Round "7"]
[White "Zlatanovic, Zoran"]
[Black "Petrovic, Borislav I"]
[Result "1-0"]
[WhiteElo "2052"]
[BlackElo "1962"]
[PlyCount "83"]
[EventDate "2019.07.05"]
[EventType "swiss"]
[EventRounds "9"]
[EventCountry "SRB"]
[SourceTitle "EXT 2020"]
[Source "ChessBase"]
[SourceDate "2019.10.17"]
[SourceVersion "1"]
[SourceVersionDate "2019.10.17"]
[SourceQuality "1"]

1. e4 c5 2. Nf3 e6 3. d3 Nf6 4. g3 Be7 5. Bg2 d6 6. 0-0 0-0 7. Re1 Nc6 8. c3 Qc7 9. a3 Rb8 10. d4 cxd4 11. cxd4 d5 12. Bf4 e5 13. Nxe5 Nxe5 14. Bxe5 Bd6 15. Bxd6 Qxd6 16. e5 Qb6 17. exf6 Qxb2 18. Nd2 Qxd4 19. Nb3 Qxf6 20. Bxd5 Rd8 21. Qf3 Qxf3 22. Bxf3 b6 23. Nd4 Bg4 24. Bxg4 Rxd4 25. h3 Rbd8 26. Rad1 g6 27. a4 Kg7 28. Bf3 Rxd1 29. Rxd1 Rxd1+ 30. Bxd1 Kf6 31. Bb3 Ke5 32. Bxf7 Kd4 33. h4 Kc5 34. Kg2 Kb4 35. Be8 a6 36. Kf3 b5 37. axb5 axb5 38. Kf4 Kc4 39. Kg5 b4 40. Kh6 b3 41. Bf7+ Kc3 42. Bxb3 1-0

[Event "SRB-ch U18"]
[Site "Kragujevac"]
[Date "2019.05.01"]
[Round "4"]
[White "Petrovic, Borislav I"]
[Black "Stanojevic, Ilija"]
[Result "0-1"]
[WhiteElo "1915"]
[BlackElo "2169"]
[PlyCount "76"]
[EventDate "2019.04.29"]
[EventType "swiss"]
[EventRounds "9"]
[EventCountry "SRB"]
[SourceTitle "EXT 2022"]
[Source "ChessBase"]
[SourceDate "2021.10.06"]
[SourceVersion "1"]
[SourceVersionDate "2021.10.06"]
[SourceQuality "1"]

1. d4 d5 2. c4 dxc4 3. e3 e5 4. Bxc4 exd4 5. exd4 Bd6 6. Nf3 Nf6 7. 0-0 0-0 8. h3 Nc6 9. Nc3 h6 10. Re1 Bf5 11. Ne5 Nb4 12. Bb3 c6 13. a3 Nbd5 14. Qf3 Be6 15. Bc2 Re8 16. Ne4 Nxe4 17. Qxe4 Nf6 18. Qd3 Qb6 19. g4 Rad8 20. g5 hxg5 21. Bxg5 Bxe5 22. Rxe5 Qxd4 23. Qxd4 Rxd4 24. Rae1 Red8 25. f4 Bxh3 26. R1e3 Rd2 27. Bxf6 gxf6 28. Rh5 Rxc2 29. Rg3+ Kf8 30. Rh8+ Ke7 31. Rxd8 Kxd8 32. Rxh3 Rxb2 33. Kf1 c5 34. Rc3 b6 35. Ke1 Kd7 36. a4 Rb4 37. a5 Rxf4 38. axb6 axb6 0-1

[Event "SRB-ch U18"]
[Site "Kragujevac"]
[Date "2019.04.30"]
[Round "2"]
[White "Petrovic, Borislav I"]
[Black "Jecmenica, Vukasin"]
[Result "1-0"]
[WhiteElo "1915"]
[BlackElo "1515"]
[PlyCount "79"]
[EventDate "2019.04.29"]
[EventType "swiss"]
[EventRounds "9"]
[EventCountry "SRB"]
[SourceTitle "EXT 2022"]
[Source "ChessBase"]
[SourceDate "2021.10.06"]
[SourceVersion "1"]
[SourceVersionDate "2021.10.06"]
[SourceQuality "1"]

1. d4 d5 2. c4 c6 3. Nf3 Nf6 4. Nc3 e6 5. e3 Nbd7 6. Bd3 dxc4 7. Bxc4 b5 8. Bb3 a6 9. e4 c5 10. e5 cxd4 11. Nxb5 Qa5+ 12. Bd2 Qxb5 13. exf6 gxf6 14. Nxd4 Qe5+ 15. Be3 Bb4+ 16. Kf1 Bb7 17. Ba4 Rd8 18. Nc6 Bxc6 19. Bxc6 Qxb2 20. Bb6 Ke7 21. Bxd8+ Rxd8 22. Rb1 Qc3 23. Qb3 Qxc6 24. Qxb4+ Ke8 25. Ke2 Rb8 26. Rbc1 Qd5 27. Qa3 Qe5+ 28. Kf1 Qb5+ 29. Kg1 Ne5 30. h4 Ng4 31. Rh3 Qf5 32. Rf3 Qg6 33. Rg3 Qe4 34. Rb3 Qf4 35. Rxb8+ Qxb8 36. Qa4+ Kf8 37. Qxg4 Qb2 38. Rc8+ Ke7 39. Qd1 Qb6 40. Qc2 1-0

[Event "Stari Banovci Vidovdan op"]
[Site "Stari Banovci"]
[Date "2018.07.03"]
[Round "7"]
[White "Savic, Petar A"]
[Black "Petrovic, Borislav I"]
[Result "0-1"]
[WhiteElo "2112"]
[BlackElo "1874"]
[PlyCount "98"]
[EventDate "2018.06.29"]
[EventType "swiss"]
[EventRounds "9"]
[EventCountry "SRB"]
[SourceTitle "CBM 185 Extra"]
[Source "ChessBase"]
[SourceDate "2018.07.29"]
[SourceVersion "1"]
[SourceVersionDate "2018.07.29"]
[SourceQuality "1"]

1. c4 e5 2. Nc3 Nc6 3. g3 f5 4. Bg2 Nf6 5. e3 g6 6. d4 d6 7. d5 Nb8 8. Nge2 a5 9. 0-0 Bg7 10. Rb1 0-0 11. Qc2 Na6 12. a3 Bd7 13. b4 Qe7 14. Bd2 axb4 15. axb4 Ng4 16. h3 Nh6 17. Qb3 e4 18. Rfc1 Nf7 19. Nb5 Ne5 20. Nbd4 g5 21. Rd1 Nd3 22. Nc1 Naxb4 23. Nxd3 Nxd3 24. Qxb7 Ba4 25. Ne6 Bxd1 26. Nxf8 Rxf8 27. Rxd1 f4 28. g4 Nxf2 29. Kxf2 fxe3+ 30. Kxe3 Qf6 31. Be1 Qf4+ 32. Ke2 Qh2 33. Rd2 Qxg2+ 34. Kd1 Qf1 35. Qb3 Be5 36. Re2 Rf3 37. Qb8+ Kg7 38. Qxc7+ Kg6 39. Qc8 Rd3+ 40. Rd2 Rxd2+ 41. Kxd2 Bf4+ 42. Kc2 Qd3+ 43. Kb2 Be5+ 44. Kc1 Qa3+ 45. Kd1 Qb3+ 46. Ke2 Qd3+ 47. Kf2 Qf3+ 48. Kg1 Bd4+ 49. Kh2 Qe2+ 0-1

[Event "SRB-ch U16"]
[Site "Kragujevac"]
[Date "2017.04.12"]
[Round "2"]
[White "Petrovic, Borislav I"]
[Black "Stanojevic, Ilija"]
[Result "0-1"]
[WhiteElo "1795"]
[BlackElo "2193"]
[PlyCount "67"]
[EventDate "2017.04.11"]
[EventType "swiss"]
[EventRounds "9"]
[EventCountry "SRB"]
[SourceTitle "EXT 2019"]
[Source "ChessBase"]
[SourceDate "2018.10.10"]
[SourceVersion "1"]
[SourceVersionDate "2018.10.10"]
[SourceQuality "1"]

1. d4 d5 2. c4 dxc4 3. e3 e5 4. Bxc4 exd4 5. exd4 Bd6 6. Nc3 Nf6 7. Nge2 0-0 8. h3 h6 9. 0-0 Nc6 10. Nb5 Bf5 11. Nxd6 Qxd6 12. Bf4 Qd7 13. Bd3 Nxd4 14. Bxf5 Nxe2+ 15. Qxe2 Qxf5 16. Bxc7 Rfe8 17. Qd2 Rac8 18. Rac1 Qb5 19. Rc2 Ne4 20. Qd4 Ng5 21. Rfc1 Re4 22. Qc5 Qa6 23. Qf5 Rce8 24. Bf4 g6 25. Qd7 R4e7 26. Qd6 Qxa2 27. Rc8 Qe6 28. Qb8 Kg7 29. Bd6 Rxc8 30. Rxc8 Qe1+ 31. Kh2 Re6 32. Rg8+ Kf6 33. Qd8+ Kf5 34. Qa5+ 0-1

[Event "Belgrade-ch sf"]
[Site "Belgrade"]
[Date "2017.01.26"]
[Round "4"]
[White "Vasiljevic, Sinisa"]
[Black "Petrovic, Borislav I"]
[Result "0-1"]
[WhiteElo "1877"]
[BlackElo "1701"]
[PlyCount "110"]
[EventDate "2017.01.23"]
[EventType "swiss"]
[EventRounds "7"]
[EventCountry "SRB"]
[SourceTitle "CBM 176 Extra"]
[Source "ChessBase"]
[SourceDate "2017.03.02"]
[SourceVersion "1"]
[SourceVersionDate "2017.03.02"]
[SourceQuality "1"]

1. e4 e5 2. Nf3 Nc6 3. d4 exd4 4. Bc4 Bc5 5. a3 a6 6. 0-0 Nge7 7. Nbd2 0-0 8. Nb3 Bb6 9. Bg5 Kh8 10. Nbxd4 Nxd4 11. Nxd4 f6 12. Be3 d5 13. exd5 Nxd5 14. Bxd5 Qxd5 15. c3 Bc5 16. Nc2 Qxd1 17. Raxd1 Bd6 18. Rfe1 Bd7 19. Nd4 Rad8 20. h3 Rfe8 21. Kf1 Kg8 22. f4 Re4 23. f5 Bg3 24. Bf2 Rf4 25. Nf3 Bb5+ 26. Kg1 Bxf2+ 27. Kxf2 Rxd1 28. Rxd1 Rxf5 29. Ke3 Bc6 30. Nd4 Re5+ 31. Kf2 Ba4 32. Rd2 Kf7 33. g4 Rd5 34. Re2 Bd7 35. Kg3 c5 36. Nc2 Bb5 37. Rf2 h5 38. Ne1 Rd1 39. Nf3 Rd3 40. Kh4 Rd5 41. Kg3 Bc6 42. Kh4 g5+ 43. Kg3 Rd3 44. gxh5 f5 45. c4 Kg7 46. b4 b6 47. b5 axb5 48. cxb5 Be4 49. a4 c4 50. a5 bxa5 51. b6 c3 52. b7 Bxb7 53. h6+ Kxh6 54. h4 Rxf3+ 55. Rxf3 Bxf3 0-1

[Event "Belgrade-ch sf"]
[Site "Belgrade"]
[Date "2017.01.23"]
[Round "1"]
[White "Petrovic, Borislav I"]
[Black "Budimir, Dragan"]
[Result "0-1"]
[WhiteElo "1701"]
[BlackElo "2196"]
[PlyCount "70"]
[EventDate "2017.01.23"]
[EventType "swiss"]
[EventRounds "7"]
[EventCountry "SRB"]
[SourceTitle "CBM 176 Extra"]
[Source "ChessBase"]
[SourceDate "2017.03.02"]
[SourceVersion "1"]
[SourceVersionDate "2017.03.02"]
[SourceQuality "1"]

1. d4 Nc6 2. Nf3 d6 3. d5 Ne5 4. Nxe5 dxe5 5. e4 Nf6 6. Nc3 a6 7. Be2 e6 8. a3 h6 9. Be3 exd5 10. exd5 Bf5 11. f3 Be7 12. Bd3 Qd7 13. Qe2 0-0 14. 0-0-0 b5 15. g4 Bxd3 16. Rxd3 b4 17. axb4 Bxb4 18. g5 hxg5 19. Bxg5 Qf5 20. Bxf6 Qxf6 21. Re3 Bc5 22. Re4 Bd4 23. Qd3 Rab8 24. Rf1 Rb4 25. f4 Bxc3 26. bxc3 Rxe4 27. Qxe4 exf4 28. Rxf4 Qxc3 29. Rh4 g6 30. Qb4 Qe3+ 31. Kb1 Re8 32. Qd4 Qe1+ 33. Ka2 Qa5+ 34. Kb2 Rb8+ 35. Kc1 Qe1+ 0-1

[Event "SRB-ch U14"]
[Site "Vrbas"]
[Date "2015.04.14"]
[Round "8"]
[White "Demic, Aleksandar"]
[Black "Petrovic, Borislav I"]
[Result "0-1"]
[WhiteElo "1703"]
[BlackElo "1683"]
[PlyCount "30"]
[EventDate "2015.04.09"]
[EventType "swiss"]
[EventRounds "9"]
[EventCountry "SRB"]
[SourceTitle "EXT 2022"]
[Source "ChessBase"]
[SourceDate "2021.10.06"]
[SourceVersion "1"]
[SourceVersionDate "2021.10.06"]
[SourceQuality "1"]

1. e4 e5 2. Nf3 Nc6 3. d4 exd4 4. Bc4 Nf6 5. e5 d5 6. Bb5 Ne4 7. Nxd4 Bc5 8. f3 Qh4+ 9. Ke2 Qf2+ 10. Kd3 Qxd4+ 11. Ke2 Qxe5 12. Bf4 Ng3+ 13. Kd2 Qxf4+ 14. Ke1 Qe3+ 15. Be2 Nxe2 0-1

[Event "SRB-ch U14"]
[Site "Vrbas"]
[Date "2015.04.10"]
[Round "2"]
[White "Skenderovic, Nikola"]
[Black "Petrovic, Borislav I"]
[Result "1/2-1/2"]
[WhiteElo "1529"]
[BlackElo "1683"]
[PlyCount "130"]
[EventDate "2015.04.09"]
[EventType "swiss"]
[EventRounds "9"]
[EventCountry "SRB"]
[SourceTitle "EXT 2022"]
[Source "ChessBase"]
[SourceDate "2021.10.06"]
[SourceVersion "1"]
[SourceVersionDate "2021.10.06"]
[SourceQuality "1"]

1. e4 e5 2. Nf3 Nc6 3. Bc4 Bc5 4. b4 Bxb4 5. c3 Ba5 6. d4 exd4 7. 0-0 Nge7 8. Qb3 0-0 9. cxd4 d6 10. Bb2 Ng6 11. Rd1 Qe7 12. e5 dxe5 13. d5 Nd4 14. Nxd4 exd4 15. Ba3 Qf6 16. Bxf8 d3 17. Na3 Bb6 18. Rf1 Bxf2+ 19. Kh1 Nxf8 20. Bxd3 Qh4 21. Qc4 Bg3 22. Qxh4 Bxh4 23. Nb5 c6 24. dxc6 bxc6 25. Nc7 Rb8 26. Rab1 Rxb1 27. Rxb1 Nd7 28. Ba6 Bxa6 29. Nxa6 Bf2 30. Rb7 Nf8 31. Rc7 g6 32. Rxc6 Kg7 33. Nc7 Bb6 34. g3 Nd7 35. Kg2 Ne5 36. Rc2 f5 37. Ne6+ Kf6 38. Nf4 Kg5 39. Nd5 Bd4 40. Rd2 Bc5 41. Nc7 Bb6 42. Nd5 Bc5 43. Nf4 Be3 44. Re2 Bxf4 45. gxf4+ Kxf4 46. Rb2 a5 47. Rb5 Nc6 48. Rc5 Ne5 49. Rxa5 Ng4 50. Ra7 Ne3+ 51. Kg1 h5 52. a4 Kf3 53. a5 f4 54. Rg7 Ke2 55. Rxg6 f3 56. Rf6 Ng4 57. Rf8 f2+ 58. Rxf2+ Nxf2 59. a6 Nh3+ 60. Kg2 Nf4+ 61. Kg3 Nd5 62. Kh4 Kf3 63. Kxh5 Kf4 64. h4 Kf5 65. Kh6 Kf6 1/2-1/2

[Event "SRB-ch U14"]
[Site "Vrbas"]
[Date "2015.04.09"]
[Round "1"]
[White "Petrovic, Borislav I"]
[Black "Omorjan, Dejan"]
[Result "0-1"]
[WhiteElo "1683"]
[BlackElo "2082"]
[PlyCount "66"]
[EventDate "2015.04.09"]
[EventType "swiss"]
[EventRounds "9"]
[EventCountry "SRB"]
[SourceTitle "EXT 2022"]
[Source "ChessBase"]
[SourceDate "2021.10.06"]
[SourceVersion "1"]
[SourceVersionDate "2021.10.06"]
[SourceQuality "1"]

1. d4 Nf6 2. c4 g6 3. Nc3 Bg7 4. e4 d6 5. Nf3 0-0 6. Be2 e5 7. Be3 Na6 8. d5 Ng4 9. Bg5 f6 10. Bh4 Nh6 11. Nd2 g5 12. Bg3 f5 13. f3 Qe8 14. a3 Qg6 15. h3 g4 16. hxg4 fxg4 17. Bf2 Nf7 18. fxg4 Nh6 19. Bf3 Nxg4 20. Qe2 Nxf2 21. Qxf2 Nc5 22. Qe2 Bh6 23. b4 Bxd2+ 24. Qxd2 Nb3 25. Qb2 Nxa1 26. Qxa1 Bg4 27. Kf2 Rf7 28. Rg1 Raf8 29. Qe1 Kh8 30. Ke2 Qh5 31. Bxg4 Qxg4+ 32. Kd3 Rf2 33. Qd1 Qg3+ 0-1